[Event "FB22 2122 SK Doppelbauer Turm Kiel - LÃ"]
[Site "?"]
[Date "2022.04.03"]
[Round "3.3"]
[White "Sickmann, Lisa"]
[Black "Braeutigam, Katerina"]
[Result "0-1"]
[WhiteElo "1626"]
[BlackElo "1787"]
[PlyCount "72"]
[EventDate "2022.??.??"]

1. e4 c6 2. d4 d5 3. Nc3 dxe4 4. Nxe4 Bf5 5. Ng3 Bg6 6. h4 h6 7. Nf3 Nd7 8. h5
Bh7 9. Bd3 Bxd3 10. Qxd3 e6 11. Bf4 Ngf6 12. O-O-O Be7 13. Ne5 Nd5 14. Bd2 Nxe5
15. dxe5 Qc7 16. Rhe1 O-O-O 17. Qf3 Bg5 18. Bxg5 hxg5 19. Qg4 Qa5 20. a3 b5 21.
Ne4 b4 22. Nd6+ Kc7 23. a4 Qxa4 24. Kb1 Rb8 25. Nxf7 Nc3+ 26. Kc1 Qa1+ 27. Kd2
Rhd8+ 28. Nxd8 Rxd8+ 29. Ke3 Rxd1 30. Rxd1 Qxd1 31. Qxd1 Nxd1+ 32. Ke2 Nxb2 33.
g4 a5 34. f4 Kd7 35. fxg5 Ke7 36. Kd2 a4 0-1

[Event "FB22 2122 SK Doppelbauer Turm Kiel - LÃ"]
[Site "?"]
[Date "2022.04.03"]
[Round "3.4"]
[White "Hielscher, Ursula"]
[Black "Gossing, Marie-Sophie"]
[Result "1/2-1/2"]
[WhiteElo "1750"]
[BlackElo "1249"]
[PlyCount "163"]
[EventDate "2022.??.??"]

1. d4 Nf6 2. c4 g6 3. Nc3 Bg7 4. e4 d6 5. f3 O-O 6. Bg5 h6 7. Be3 b6 8. Qd2 c5
9. dxc5 dxc5 10. Bxh6 Bxh6 11. Qxh6 Nc6 12. Rd1 Qc7 13. Nd5 Qe5 14. Qd2 Bb7 15.
Bd3 Nxd5 16. cxd5 Nb4 17. Qc3 Qd4 18. Qxd4 cxd4 19. Bb1 d3 20. a3 Na6 21. Bxd3
Rac8 22. Ne2 Nc5 23. Bb1 Ba6 24. Nd4 Na4 25. Kf2 Nxb2 26. Rd2 Nc4 27. Ra2 Ne5
28. f4 Ng4+ 29. Kg3 Nf6 30. Nc6 Rc7 31. Rd1 Kg7 32. Rd4 Bb5 33. Nb4 Rc3+ 34.
Kf2 Ng4+ 35. Ke1 Re3+ 36. Kd2 Re2+ 37. Kc1 Re1+ 38. Kb2 Re2+ 39. Ka1 Re1 40.
Rb2 Bd7 41. h3 Nf6 42. e5 Ng8 43. Nc2 Rg1 44. Ne3 Nh6 45. Rc4 Rc8 46. Rxc8 Bxc8
47. Rc2 Nf5 48. Rxc8 Nxe3 49. Rc7 Nxd5 50. Rc4 e6 51. Rc2 Nxf4 52. Rf2 Nxg2 53.
Kb2 Ne3 54. Rf4 Nd5 55. Re4 Rg2+ 56. Bc2 a5 57. h4 Rg3 58. Bb3 Rg2+ 59. Kc1 Nf4
60. Rxf4 Re2 61. Rc4 Rxe5 62. Kd2 Kh6 63. Rc7 Kg7 64. Kd3 Kf6 65. Rc1 Rh5 66.
Rf1+ Kg7 67. Rf4 Rf5 68. Rd4 Rf3+ 69. Kc2 e5 70. Rd5 e4 71. Re5 e3 72. Bc4 f5
73. Be2 Rh3 74. h5 f4 75. hxg6 f3 76. Rxe3 fxe2 77. Rxe2 Rxa3 78. Re6 b5 79.
Rb6 b4 80. Kb2 Rg3 81. Rb5 a4 82. Rxb4 1/2-1/2

[Event "FB22 2122 SG Solingen - SK Doppelbauer"]
[Site "?"]
[Date "2022.03.19"]
[Round "4.2"]
[White "Zepeda, Lorena"]
[Black "Rath, Alina"]
[Result "1/2-1/2"]
[WhiteElo "2132"]
[BlackElo "2055"]
[PlyCount "80"]
[EventDate "2022.??.??"]

1. e4 c5 2. Nf3 d6 3. d4 cxd4 4. Nxd4 Nf6 5. Nc3 Nc6 6. Be2 e5 7. Nb3 Be7 8.
O-O O-O 9. Be3 Be6 10. f4 exf4 11. Bxf4 d5 12. e5 Ne4 13. Nxe4 dxe4 14. c3 a5
15. Qxd8 Rfxd8 16. Rfd1 f5 17. exf6 gxf6 18. Bc7 Rxd1+ 19. Rxd1 a4 20. Nd2 f5
21. Bc4 Kf7 22. Rf1 Bxc4 23. Nxc4 Ke6 24. Kf2 b5 25. Ne3 Bc5 26. Ke2 Ne7 27.
Nc2 Rc8 28. Bf4 Nd5 29. Bd2 h5 30. g3 Nf6 31. Be3 Bxe3 32. Kxe3 Ke5 33. Nd4
Nd5+ 34. Ke2 f4 35. gxf4+ Nxf4+ 36. Ke3 Nd5+ 37. Kd2 Nf4 38. Ke3 Nd5+ 39. Kd2
Nf4 40. Ke3 Nd5+ 1/2-1/2

[Event "FB22 2122 SG Solingen - SK Doppelbauer"]
[Site "?"]
[Date "2022.03.19"]
[Round "4.3"]
[White "Silz, Elisa"]
[Black "Muedder, Melanie"]
[Result "1-0"]
[WhiteElo "1934"]
[BlackElo "1830"]
[PlyCount "75"]
[EventDate "2022.??.??"]

1. d4 Nf6 2. c4 g6 3. Nf3 Bg7 4. Nc3 d5 5. Bg5 Ne4 6. Bh4 Nxc3 7. bxc3 dxc4 8.
Qa4+ Qd7 9. Qxc4 b6 10. Bg3 c5 11. Ne5 Bxe5 12. dxe5 Ba6 13. Qe4 O-O 14. Rd1
Qb5 15. Bf4 Nc6 16. a4 Qb2 17. Qxc6 Rad8 18. Rxd8 Rxd8 19. f3 Qxc3+ 20. Kf2
Qd4+ 21. Kg3 Qd1 22. Qc7 Bc8 23. Kf2 Qd4+ 24. Be3 Qd5 25. g3 Bb7 26. Qxe7 Rd7
27. Qf6 Qc6 28. Qxc6 Bxc6 29. a5 Re7 30. axb6 axb6 31. Bg2 Rxe5 32. Rb1 b5 33.
f4 Rxe3 34. Bxc6 Rc3 35. Rxb5 f6 36. Rb7 h6 37. Bd5+ Kh8 38. Rc7 1-0

[Event "FB22 2122 SG Solingen - SK Doppelbauer"]
[Site "?"]
[Date "2022.03.19"]
[Round "4.4"]
[White "Orlova, Inna"]
[Black "Hielscher, Ursula"]
[Result "1-0"]
[WhiteElo "2026"]
[BlackElo "1753"]
[PlyCount "61"]
[EventDate "2022.??.??"]

1. d4 d5 2. Nc3 Nf6 3. Bg5 Bf5 4. Nf3 h6 5. Bh4 e6 6. e3 Nbd7 7. Bd3 Bxd3 8.
Qxd3 Be7 9. O-O c6 10. e4 dxe4 11. Nxe4 Nxe4 12. Bxe7 Qxe7 13. Qxe4 Nf6 14. Qh4
Nd5 15. Qg3 Qf6 16. c4 Nf4 17. Rfe1 O-O-O 18. b4 Nd3 19. Re4 g5 20. b5 c5 21.
b6 axb6 22. Rb1 Qf5 23. Nd2 Nf4 24. Qb3 Rd6 25. f3 cxd4 26. Qa3 Kc7 27. c5 Rc6
28. cxb6+ Kd7 29. Qa7 Rhc8 30. Qxb7+ Ke8 31. Qxc6+ 1-0

[Event "FB22 2122 SG Solingen - SK Doppelbauer"]
[Site "?"]
[Date "2022.03.19"]
[Round "4.5"]
[White "Rommeck, Christiane"]
[Black "Rudolph, Eva"]
[Result "0-1"]
[WhiteElo "1562"]
[BlackElo "1801"]
[PlyCount "62"]
[EventDate "2022.??.??"]

1. e4 c5 2. Nf3 e6 3. d4 cxd4 4. Nxd4 a6 5. Bd3 Nf6 6. O-O Qc7 7. Be3 Be7 8.
Nd2 O-O 9. f4 d6 10. c3 Nbd7 11. N2b3 b6 12. Nf3 Bb7 13. Qc2 Ng4 14. Rae1 Nxe3
15. Rxe3 e5 16. f5 Nf6 17. h3 Rfe8 18. Qf2 Nh5 19. Bb1 a5 20. Nc1 d5 21. g4 Nf4
22. Kh2 Bc5 23. Rfe1 dxe4 24. Ng5 f6 25. Nxe4 Bxe3 26. Rxe3 Rad8 27. Re1 Ba6
28. Qh4 Qe7 29. g5 fxg5 30. Nxg5 h6 31. Rg1 Rd2+ 0-1

[Event "FB22 2122 SG Solingen - SK Doppelbauer"]
[Site "?"]
[Date "2022.03.19"]
[Round "4.6"]
[White "Orlova, Alicia"]
[Black "Malinowsky, Celina"]
[Result "1-0"]
[WhiteElo "1719"]
[BlackElo "1506"]
[PlyCount "49"]
[EventDate "2022.??.??"]

1. e4 e5 2. Nf3 Nc6 3. Bc4 Bc5 4. Nc3 Nf6 5. d3 d6 6. h3 Be6 7. Bb3 Ne7 8. O-O
Ng6 9. Re1 c6 10. d4 exd4 11. Nxd4 Bd7 12. Kh1 O-O 13. f4 Re8 14. Qd3 Nh5 15.
Nde2 Qh4 16. Rf1 Re7 17. Bd2 Rae8 18. Be1 Qf6 19. Qf3 Nf8 20. Qxh5 Ng6 21. f5
Rf8 22. Bg3 Rfe8 23. fxg6 Qxg6 24. Qxg6 hxg6 25. Nf4 1-0

[Event "FB22 2122 SV Mülheim-Nord - Delmenhors"]
[Site "?"]
[Date "2022.03.19"]
[Round "4.2"]
[White "Limbourg, Marina"]
[Black "Kickert, Germaine Helene"]
[Result "1-0"]
[WhiteElo "2034"]
[BlackElo "1977"]
[PlyCount "53"]
[EventDate "2022.??.??"]

1. e4 e6 2. d4 d5 3. Nc3 Bb4 4. Bd3 dxe4 5. Bxe4 Nf6 6. Bd3 c5 7. Nf3 Nc6 8.
dxc5 Nd5 9. O-O Nxc3 10. bxc3 Bxc5 11. Qe2 h6 12. Bf4 Qf6 13. Qe4 Qxc3 14. Ne5
f5 15. Qf3 O-O 16. Qg3 Bd4 17. Nf3 Qxa1 18. Rxa1 Bxa1 19. Bxh6 Bd7 20. Bf4 Rae8
21. Ng5 Rf6 22. Bd6 Nd8 23. Qh4 Rh6 24. Qc4 Rf6 25. Qc7 Nf7 26. Qxd7 Rd8 27.
Qe7 1-0

[Event "FB22 2122 SV Mülheim-Nord - Delmenhors"]
[Site "?"]
[Date "2022.03.19"]
[Round "4.3"]
[White "Moeller, Hannah"]
[Black "Kinzel, Tiffany"]
[Result "1/2-1/2"]
[WhiteElo "1825"]
[BlackElo "1782"]
[PlyCount "117"]
[EventDate "2022.??.??"]

1. Nf3 d5 2. g3 Bg4 3. Bg2 e6 4. O-O Bd6 5. d4 Nd7 6. c4 c6 7. cxd5 exd5 8. Nc3
f5 9. Qc2 Bxf3 10. Bxf3 Ne7 11. Bg5 O-O 12. Bg2 h6 13. Bd2 Nf6 14. f3 Bc7 15.
Na4 Nh5 16. Nc5 Qc8 17. Bh3 b6 18. Nd3 Qb8 19. f4 Qe8 20. Bb4 c5 21. dxc5 bxc5
22. Bxc5 Rc8 23. Qd2 Nf6 24. Bxa7 Bd6 25. Nf2 Qa4 26. Bd4 Ne4 27. Nxe4 dxe4 28.
b3 Qa6 29. a4 Rcd8 30. Qb2 Rf7 31. Rfd1 Rb8 32. Bf1 Qb7 33. e3 Rc8 34. Bc4 Nd5
35. Bxd5 Qxd5 36. Bxg7 Qe6 37. Bd4 Rb8 38. Rab1 Bb4 39. Bc3 Qb6 40. Bxb4 Qxe3+
41. Qf2 Qxf2+ 42. Kxf2 Rxb4 43. Rb2 Rfb7 44. Rdb1 Rd7 45. a5 Ra7 46. Ra2 Kf7
47. Ra3 Ke6 48. Ke3 Kd5 49. Rc1 Rb5 50. a6 Rb6 51. Ra5+ Ke6 52. Rc3 Raxa6 53.
Rxa6 Rxa6 54. g4 fxg4 55. Kxe4 Rb6 56. f5+ Kf6 57. Kf4 h5 58. h3 gxh3 59. Rxh3
1/2-1/2

[Event "FB22 2122 SV Mülheim-Nord - Delmenhors"]
[Site "?"]
[Date "2022.03.19"]
[Round "4.4"]
[White "Hausrath, Michaela"]
[Black "Wollscheid, Stefanie"]
[Result "1-0"]
[WhiteElo "1738"]
[BlackElo "1689"]
[PlyCount "143"]
[EventDate "2022.??.??"]

1. d4 d5 2. c4 e6 3. Nf3 Nc6 4. Nc3 Nf6 5. Bg5 Be7 6. e3 O-O 7. Rc1 a6 8. a3 h6
9. Bh4 Ne4 10. Bxe7 Qxe7 11. Be2 Nxc3 12. Rxc3 dxc4 13. Bxc4 Bd7 14. O-O Rac8
15. Bd3 f5 16. Qc2 Be8 17. Rc1 Bh5 18. Be2 f4 19. Rc5 Bxf3 20. Bxf3 fxe3 21.
fxe3 Rxf3 22. gxf3 Rf8 23. Qe4 Qf6 24. Rxc6 bxc6 25. Rxc6 Qg5+ 26. Kh1 Qb5 27.
Qxe6+ Rf7 28. Qc4 Qf5 29. Qe2 Qd5 30. Rc5 Qb7 31. e4 Qb3 32. Rc3 Qe6 33. d5 Qh3
34. Qg2 Qd7 35. Rc6 Kf8 36. Rxa6 Qb5 37. Rc6 Qd3 38. Rc3 Qd1+ 39. Qg1 Qe2 40.
h3 Qxb2 41. Qc5+ Kg8 42. Qe3 Rf6 43. Rc6 Rf7 44. f4 Qb5 45. f5 Qf1+ 46. Kh2 Qa1
47. Re6 Rf8 48. Qg3 Rb8 49. Qg6 Rb2+ 50. Kg3 Qxa3+ 51. Kh4 Rb8 52. f6 Qf8 53.
Qxg7+ Qxg7 54. fxg7 Kxg7 55. Rc6 Rb7 56. Kg4 Rb4 57. Kf5 Rb7 58. Rg6+ Kh7 59.
Rc6 Kg7 60. h4 Ra7 61. e5 Rb7 62. h5 Ra7 63. Ke6 Rb7 64. d6 cxd6 65. exd6 Rb3
66. Rc7+ Kf8 67. Rh7 Re3+ 68. Kd7 Ra3 69. Rxh6 Ra7+ 70. Ke6 Kg7 71. Rg6+ Kf8
72. h6 1-0

[Event "FB22 2122 SV Mülheim-Nord - Delmenhors"]
[Site "?"]
[Date "2022.03.19"]
[Round "4.5"]
[White "Kahrs, Daniela"]
[Black "Frank, Carolin"]
[Result "1-0"]
[WhiteElo "2010"]
[BlackElo "1610"]
[PlyCount "57"]
[EventDate "2022.??.??"]

1. e4 c6 2. Nc3 d5 3. Nf3 dxe4 4. Nxe4 Nf6 5. Ng3 h5 6. h4 Bg4 7. d4 Bxf3 8.
gxf3 Nbd7 9. Ne4 e5 10. Nxf6+ Nxf6 11. dxe5 Qa5+ 12. c3 Qxe5+ 13. Qe2 Qxe2+ 14.
Bxe2 Bd6 15. Rg1 g6 16. Bg5 Nd5 17. O-O-O Bf4+ 18. Bxf4 Nxf4 19. Bc4 Rh7 20.
Rd4 Nh3 21. Rh1 Nxf2 22. Rh2 b5 23. Be2 c5 24. Bxb5+ Kf8 25. Rf4 Rb8 26. Bc4 g5
27. hxg5 h4 28. Rxf2 Re8 29. g6 1-0

[Event "FB22 2122 SK Lehrte II - Hamburger SK I"]
[Site "?"]
[Date "2022.03.19"]
[Round "4.2"]
[White "Braje, Monika"]
[Black "Neumann, Ramona"]
[Result "1-0"]
[WhiteElo "1774"]
[BlackElo "1632"]
[PlyCount "63"]
[EventDate "2022.??.??"]

1. e4 e6 2. d4 d5 3. e5 c5 4. c3 Nc6 5. Nf3 Bd7 6. Bd3 Qb6 7. dxc5 Bxc5 8. O-O
Qc7 9. Qe2 Nge7 10. b4 Bb6 11. a4 a6 12. Ba3 Ng6 13. Re1 Nf4 14. Qd2 Nxd3 15.
Qxd3 Ne7 16. Bb2 Nf5 17. Nbd2 O-O 18. c4 Bc6 19. c5 Ba7 20. b5 axb5 21. axb5
Bxc5 22. Rxa8 Rxa8 23. bxc6 bxc6 24. Rb1 Ba7 25. h3 c5 26. Qa6 Rd8 27. Bc3 c4
28. Ba5 Qc5 29. Bxd8 Qxf2+ 30. Kh2 c3 31. Bh4 Qc5 32. Bf2 1-0

[Event "FB22 2122 SK Lehrte II - Hamburger SK I"]
[Site "?"]
[Date "2022.03.19"]
[Round "4.3"]
[White "Garny, Annica"]
[Black "Wilmink, Anna"]
[Result "1/2-1/2"]
[WhiteElo "1718"]
[BlackElo "1681"]
[PlyCount "65"]
[EventDate "2022.??.??"]

1. e4 c5 2. Nf3 Nc6 3. d4 cxd4 4. Nxd4 g6 5. Bc4 Bg7 6. Nxc6 bxc6 7. Qf3 e6 8.
O-O d5 9. Bb3 Ne7 10. c3 O-O 11. Bf4 a5 12. Nd2 Qb6 13. Rab1 Ba6 14. Rfd1 Rfd8
15. Bg5 Rd7 16. Bf6 Be2 17. Qxe2 Bxf6 18. e5 Bg7 19. Kh1 Nf5 20. f4 Bh6 21. Ne4
Kh8 22. Nf6 Rdd8 23. Rf1 a4 24. Bc2 Ne3 25. Rf3 Nxc2 26. Rh3 Kg7 27. Qxc2 Rh8
28. g3 Qe3 29. Qg2 Qd3 30. Qg1 Qf3+ 31. Qg2 Qd3 32. Qf1 Qf5 33. Kg1 1/2-1/2

[Event "FB22 2122 SK Lehrte II - Hamburger SK I"]
[Site "?"]
[Date "2022.03.19"]
[Round "4.5"]
[White "Reich, Kristina"]
[Black "Flauss, Jessica"]
[Result "0-1"]
[WhiteElo "1560"]
[BlackElo "1638"]
[PlyCount "122"]
[EventDate "2022.??.??"]

1. d4 d5 2. Nf3 Nf6 3. g3 Bf5 4. Bg2 e6 5. O-O Nbd7 6. c4 dxc4 7. Qa4 c6 8.
Qxc4 Be7 9. Nbd2 O-O 10. Re1 Qc7 11. e4 Bg6 12. b3 Rfe8 13. Bb2 Rac8 14. Rac1
Nb6 15. Qc3 Bf8 16. Ne5 Bh5 17. Ndf3 Nbd7 18. Qd3 Nxe5 19. Nxe5 Bd6 20. Nc4 Bb4
21. Rf1 h6 22. a3 Be7 23. Ne5 Bd6 24. Nxc6 bxc6 25. e5 Bxe5 26. Rxc6 Qd7 27.
Qa6 Bb8 28. Rfc1 Rcd8 29. R6c5 Nd5 30. Bc3 Nxc3 31. Rxh5 Qxd4 32. Rh4 Qd2 33.
Rf1 Qb2 34. Qc4 Rd1 35. Qg4 Rxf1+ 36. Bxf1 Kh8 37. Qf3 f6 38. Qd3 Be5 39. Qg6
Re7 40. Bd3 f5 41. Rc4 Bc7 42. g4 Nd1 43. Bc2 Qe5 44. Bxd1 Qe1+ 45. Kg2 Qxd1
46. gxf5 exf5 47. Qxf5 Qd8 48. Qc2 Qd6 49. f4 Bd8 50. Rc8 Qd5+ 51. Kf2 Qd4+ 52.
Kg2 Rf7 53. Qe2 Qd7 54. Rb8 Rxf4 55. h3 Rd4 56. Qb5 Rd2+ 57. Kg3 Qd6+ 58. Kf3
Qf6+ 59. Ke4 Qd4+ 60. Kf5 Rf2+ 61. Ke6 Rf6# 0-1

[Event "FB22 2122 SK Lehrte II - Hamburger SK I"]
[Site "?"]
[Date "2022.03.19"]
[Round "4.6"]
[White "Stelter, Finja"]
[Black "Harder, Daniella"]
[Result "0-1"]
[WhiteElo "1412"]
[BlackElo "1611"]
[PlyCount "106"]
[EventDate "2022.??.??"]

1. e4 c6 2. Nf3 d5 3. exd5 cxd5 4. d4 Bg4 5. Nc3 e6 6. a3 Nc6 7. Bf4 Bd6 8.
Bxd6 Qxd6 9. Nb5 Qd8 10. Be2 Bxf3 11. Bxf3 a6 12. Nc3 Qb6 13. Qd2 Qxd4 14. Qg5
Qe5+ 15. Qxe5 Nxe5 16. Be2 Ne7 17. O-O O-O 18. Rfe1 Nd7 19. Bd3 Nc5 20. Rad1
Nxd3 21. Rxd3 Rfc8 22. Re2 Ng6 23. g3 b5 24. f4 Ne7 25. b4 Rc4 26. Nb1 Rac8 27.
c3 g6 28. Kg2 Nf5 29. Red2 Nd6 30. Rd4 Ne4 31. Rxc4 Rxc4 32. Rd3 Kg7 33. Kf3
Kf6 34. h4 h6 35. Re3 g5 36. fxg5+ hxg5 37. h5 g4+ 38. Ke2 Kg5 39. Kd3 Kxh5 40.
Kc2 f5 41. Nd2 Nxd2 42. Kxd2 Re4 43. Rxe4 fxe4 44. Ke3 Kg5 45. Ke2 Kf5 46. Kd2
e5 47. Ke3 Kf6 48. Ke2 Ke6 49. Ke3 Kd6 50. Kd2 d4 51. cxd4 exd4 52. Ke2 Kd5 53.
Kd2 Kc4 0-1

[Event "FB22 2122 Lübecker SV - SG Solingen"]
[Site "?"]
[Date "2022.03.20"]
[Round "5.2"]
[White "Braeutigam, Irina"]
[Black "Muedder, Melanie"]
[Result "1/2-1/2"]
[WhiteElo "2021"]
[BlackElo "1830"]
[PlyCount "37"]
[EventDate "2022.??.??"]

1. e4 c5 2. Nf3 Nc6 3. d3 e5 4. g3 Be7 5. Bg2 d6 6. c3 Nf6 7. O-O O-O 8. Nbd2
Be6 9. Ng5 Bg4 10. f3 Bh5 11. Qe1 Nd7 12. Nh3 Bg6 13. Nc4 Nb6 14. Ne3 d5 15.
Nf5 d4 16. c4 Qd7 17. Nxe7+ Qxe7 18. f4 f5 19. Nf2 1/2-1/2

[Event "FB22 2122 Lübecker SV - SG Solingen"]
[Site "?"]
[Date "2022.03.20"]
[Round "5.3"]
[White "Orlova, Inna"]
[Black "Mundt, Alexandra"]
[Result "1-0"]
[WhiteElo "2026"]
[BlackElo "1774"]
[PlyCount "67"]
[EventDate "2022.??.??"]

1. d4 g6 2. e4 Bg7 3. Nf3 c5 4. c3 cxd4 5. cxd4 d6 6. Nc3 Nf6 7. Bc4 O-O 8. h3
Nc6 9. O-O e5 10. dxe5 Nxe5 11. Nxe5 dxe5 12. Qb3 Nh5 13. Be3 Qh4 14. Rfd1 g5
15. Nd5 g4 16. hxg4 Bxg4 17. Bc5 Nf4 18. Bxf8 Rxf8 19. Re1 Qg5 20. Qg3 Nh5 21.
Qe3 Nf4 22. g3 Nh3+ 23. Kg2 Qh5 24. Rh1 Kh8 25. f3 Bd7 26. Qe2 Qg5 27. Rxh3
Bxh3+ 28. Kxh3 a6 29. Ne3 Bh6 30. Nf5 b5 31. Bd5 Qh5+ 32. Kg2 Bf4 33. Rh1 Qg5
34. Rh4 1-0

[Event "FB22 2122 Lübecker SV - SG Solingen"]
[Site "?"]
[Date "2022.03.20"]
[Round "5.5"]
[White "Orlova, Alicia"]
[Black "Sickmann, Lisa"]
[Result "1/2-1/2"]
[WhiteElo "1719"]
[BlackElo "1621"]
[PlyCount "54"]
[EventDate "2022.??.??"]

1. e4 e5 2. Nf3 Nc6 3. Bc4 Bc5 4. Nc3 Nf6 5. d3 h6 6. Be3 Bb6 7. h3 d6 8. O-O
O-O 9. Na4 Be6 10. Nxb6 axb6 11. Bb3 d5 12. exd5 Bxd5 13. Nd2 Nd4 14. Bxd5 Qxd5
15. Nb3 Rae8 16. Re1 Nd7 17. Qd2 Nc5 18. Nxc5 bxc5 19. a3 Re6 20. Bxd4 cxd4 21.
f4 Rfe8 22. Rf1 Rb6 23. f5 Rxb2 24. f6 Re6 25. fxg7 Kxg7 26. Rf2 Rf6 27. Raf1
Rbb6 1/2-1/2

[Event "FB22 2122 Hamburger SK II - SV Mülheim"]
[Site "?"]
[Date "2022.03.20"]
[Round "5.1"]
[White "Vogel, Heike"]
[Black "Hubert, Charlotte"]
[Result "0-1"]
[WhiteElo "2147"]
[BlackElo "1654"]
[PlyCount "106"]
[EventDate "2022.??.??"]

1. d4 Nf6 2. Bg5 d5 3. Nf3 c5 4. e3 Nc6 5. c3 Bf5 6. Nbd2 e6 7. Ne5 h6 8. Bf4
Qb6 9. g4 Bh7 10. b3 cxd4 11. exd4 Ba3 12. Ndc4 dxc4 13. Nxc4 Qd8 14. Nxa3 Nd5
15. Qf3 Qf6 16. Bc4 Nxf4 17. O-O O-O 18. Rfe1 e5 19. dxe5 Nxe5 20. Qg3 Ned3 21.
Re3 Rae8 22. Qf3 Nh3+ 23. Kg2 Qxf3+ 24. Rxf3 Nhf4+ 25. Kf1 g5 26. Rd1 Ne5 27.
Rg3 Nxc4 28. Nxc4 Rd8 29. Rxd8 Rxd8 30. Ke1 Bd3 31. Ne3 Bb1 32. a3 Rd3 33. Nf1
Rxg3 34. hxg3 Nd5 35. Kd2 Kg7 36. c4 Nc7 37. Ke3 Kf6 38. Kd4 Ke6 39. b4 Kd6 40.
Nd2 Bg6 41. c5+ Ke6 42. Kc4 a6 43. Nf3 Be4 44. Nd4+ Ke5 45. a4 Ne6 46. Ne2 Bd5+
47. Kd3 Bf3 48. Nc3 Bxg4 49. Ke3 f5 50. Nb1 f4+ 51. Kd2 Kd4 52. Nc3 Bf3 53. Na2
h5 0-1

[Event "FB22 2122 Hamburger SK II - SV Mülheim"]
[Site "?"]
[Date "2022.03.20"]
[Round "5.2"]
[White "Neumann, Ramona"]
[Black "Limbourg, Marina"]
[Result "0-1"]
[WhiteElo "1632"]
[BlackElo "2034"]
[PlyCount "88"]
[EventDate "2022.??.??"]

1. e4 c5 2. Nf3 e6 3. d4 cxd4 4. Nxd4 a6 5. Nc3 Qc7 6. a3 Nf6 7. Be2 b5 8. Qd3
Bb7 9. Bd2 b4 10. axb4 Bxb4 11. f3 O-O 12. O-O d6 13. Kh1 Bc5 14. Nb3 Nbd7 15.
Nxc5 Nxc5 16. Qe3 e5 17. Rfd1 Ne6 18. Rac1 Nd4 19. Bd3 Bc6 20. Qg5 a5 21. b3
Ne6 22. Qh4 Qe7 23. Ne2 Rfe8 24. Ng3 Nxe4 25. Qxe7 Nxg3+ 26. hxg3 Rxe7 27. Ra1
Rea7 28. Be3 Nc5 29. Bc4 Rd7 30. b4 Ne6 31. bxa5 d5 32. Bb3 d4 33. Bf2 Nc5 34.
Bc4 Ba4 35. Rxa4 Nxa4 36. Bb5 Nc3 37. Bxd7 Nxd1 38. Be1 Nc3 39. Bf5 Rxa5 40.
Bd2 Ra1+ 41. Kh2 Rd1 42. Bxc3 dxc3 43. g4 g6 44. Bd3 Rxd3 0-1

[Event "FB22 2122 Hamburger SK II - SV Mülheim"]
[Site "?"]
[Date "2022.03.20"]
[Round "5.3"]
[White "Kinzel, Tiffany"]
[Black "Garny, Annica"]
[Result "1-0"]
[WhiteElo "1782"]
[BlackElo "1718"]
[PlyCount "103"]
[EventDate "2022.??.??"]

1. d4 Nf6 2. Bg5 h6 3. Bxf6 exf6 4. e4 d5 5. f3 c6 6. c3 dxe4 7. fxe4 f5 8.
exf5 Bxf5 9. Nf3 Nd7 10. Nbd2 Qe7+ 11. Qe2 Qxe2+ 12. Bxe2 O-O-O 13. O-O Be6 14.
b4 Bd6 15. a4 Nf6 16. Nc4 Be7 17. Nfe5 Rhf8 18. a5 Ne4 19. Rfc1 Bg5 20. Rc2 Nd6
21. a6 Nxc4 22. axb7+ Kxb7 23. Nxc4 Bxc4 24. Bxc4 Rd7 25. Rca2 Kb8 26. Rd1 Re8
27. b5 c5 28. d5 Re3 29. Rc2 Bf6 30. Rdc1 Kc7 31. Ba2 Rde7 32. c4 Bd4 33. Kf1
R7e5 34. Rf2 f6 35. Bb1 Kb6 36. Ra2 Re7 37. Bf5 R7e5 38. Bb1 Re7 39. Ra6+ Kb7
40. Ra2 Kb6 41. Ra6+ Kb7 42. d6 Rd7 43. Bf5 Rd8 44. Rc6 Re5 45. Bg4 f5 46. Bf3
Kb8 47. Bd5 Rd7 48. Rc2 Re8 49. Ra2 Red8 50. b6 Be5 51. bxa7+ Rxa7 52. Rb6+ 1-0

[Event "FB22 2122 Hamburger SK II - SV Mülheim"]
[Site "?"]
[Date "2022.03.20"]
[Round "5.5"]
[White "Hausrath, Michaela"]
[Black "Reich, Kristina"]
[Result "1-0"]
[WhiteElo "1738"]
[BlackElo "1560"]
[PlyCount "119"]
[EventDate "2022.??.??"]

1. d4 d5 2. c4 Nf6 3. cxd5 Qxd5 4. Nc3 Qd8 5. e4 e6 6. Bg5 Be7 7. e5 Nd5 8.
Bxe7 Nxe7 9. Nf3 a6 10. Bd3 b5 11. Be4 c6 12. a3 Bb7 13. O-O Nd7 14. Rc1 Qb6
15. b4 O-O 16. Bxh7+ Kh8 17. Be4 Ng8 18. Ne2 a5 19. Qb3 Nh6 20. Ng5 Qd8 21. f4
axb4 22. axb4 Rc8 23. Rf3 Nb6 24. Rh3 Nc4 25. Qf3 Qe7 26. Qc3 Ra8 27. Bb1 Ra3
28. Qc2 g6 29. Rxh6+ Kg8 30. Rh3 Qxb4 31. Rxa3 Nxa3 32. Qc3 Qxc3 33. Nxc3 Ra8
34. Nce4 Nc4 35. Bd3 Ne3 36. Nd6 Ba6 37. Rxc6 Nd5 38. Bxb5 Bxb5 39. Nxb5 Nxf4
40. Rc2 Nd3 41. h4 Kg7 42. Rc7 Ra1+ 43. Kh2 Rf1 44. Nxe6+ Kh6 45. Ng5 Kh5 46.
Kg3 Nf4 47. Rxf7 Ne2+ 48. Kh2 Rb1 49. Rf2 Ng1 50. Nc3 Re1 51. Nf3 Nxf3+ 52.
Rxf3 Kxh4 53. Rf4+ Kg5 54. Re4 Rc1 55. Ne2 Rc4 56. e6 Rc8 57. e7 Re8 58. d5 Kf5
59. Ng3+ Kf6 60. d6 1-0

[Event "FB22 2122 Hamburger SK II - SV Mülheim"]
[Site "?"]
[Date "2022.03.20"]
[Round "5.6"]
[White "Harder, Daniella"]
[Black "Frank, Carolin"]
[Result "1/2-1/2"]
[WhiteElo "1611"]
[BlackElo "1610"]
[PlyCount "39"]
[EventDate "2022.??.??"]

1. d4 Nf6 2. c4 g6 3. g3 Bg7 4. Bg2 O-O 5. Nc3 c6 6. e4 d6 7. Nge2 a6 8. O-O
Qc7 9. Bd2 e5 10. Qc1 exd4 11. Nxd4 Nxe4 12. Nxe4 Bxd4 13. Rd1 Be5 14. Bh6 Re8
15. Rxd6 Nd7 16. Rd2 Nf6 17. Nxf6+ Bxf6 18. Bf4 Qb6 19. Be3 Qc7 20. Bf4 1/2-1/2

[Event "FB22 2122 Delmenhorster SK - SK Lehrte"]
[Site "?"]
[Date "2022.03.20"]
[Round "5.2"]
[White "Kickert, Germaine Helene"]
[Black "Braje, Monika"]
[Result "1-0"]
[WhiteElo "1977"]
[BlackElo "1774"]
[PlyCount "55"]
[EventDate "2022.??.??"]

1. e4 d5 2. exd5 Nf6 3. d4 Nxd5 4. Nf3 e6 5. c4 Nb6 6. c5 Nd5 7. Qb3 c6 8. Bc4
Be7 9. Nc3 O-O 10. O-O Nd7 11. Re1 b6 12. cxb6 axb6 13. Ne5 Nxe5 14. dxe5 b5
15. Bd3 Bd7 16. Re4 b4 17. Ne2 c5 18. Qc2 Bc6 19. Rg4 g6 20. Bh6 f5 21. exf6
Rxf6 22. Bxg6 hxg6 23. Rxg6+ Kf7 24. Rg7+ Ke8 25. Rg8+ Bf8 26. Qxc5 Kd7 27.
Bxf8 Rxf8 28. Rg7+ 1-0

[Event "FB22 2122 Delmenhorster SK - SK Lehrte"]
[Site "?"]
[Date "2022.03.20"]
[Round "5.3"]
[White "Wilmink, Anna"]
[Black "Moeller, Hannah"]
[Result "0-1"]
[WhiteElo "1681"]
[BlackElo "1825"]
[PlyCount "140"]
[EventDate "2022.??.??"]

1. e4 d5 2. exd5 Qxd5 3. Nc3 Qd6 4. d4 Nf6 5. Nb5 Qd7 6. Nf3 a6 7. Nc3 e6 8.
Bd3 c5 9. dxc5 Bxc5 10. O-O O-O 11. Qe2 Qc7 12. Ne4 Be7 13. Nxf6+ Bxf6 14. Qe4
g6 15. h4 Nd7 16. h5 Nc5 17. Qg4 Nxd3 18. cxd3 Qc5 19. h6 Qf5 20. Qxf5 gxf5 21.
d4 b5 22. Ne5 Rd8 23. Be3 Bb7 24. Rfd1 Rac8 25. Rac1 Be7 26. Rxc8 Rxc8 27. Rc1
Rxc1+ 28. Bxc1 f6 29. Nd3 Bd5 30. a3 a5 31. Bd2 Bc4 32. Nc5 e5 33. Nb7 a4 34.
dxe5 fxe5 35. f3 Kf7 36. Be3 Kg6 37. Nc5 f4 38. Bf2 Kxh6 39. Ne4 Bd3 40. Nd2
Kg6 41. Bb6 b4 42. axb4 Bxb4 43. Ne4 Bxe4 44. fxe4 Kg5 45. Kf1 Bd6 46. Ke2 Kg4
47. Bf2 h5 48. Be1 Bc5 49. Bc3 Bd6 50. Be1 h4 51. Bf2 Bb4 52. Bb6 Kg3 53. Kf1
h3 54. gxh3 Bd6 55. h4 Kxh4 56. Kg2 Kg4 57. Kf2 f3 58. Be3 Be7 59. Bd2 Bh4+ 60.
Kf1 Bg5 61. Bc3 Bf4 62. Kf2 Bg3+ 63. Kf1 Kf4 64. Kg1 Kxe4 65. Kf1 Kd3 66. Ba5
e4 67. Bb6 e3 68. Ba5 e2+ 69. Kg1 f2+ 70. Kg2 f1=Q+ 0-1

[Event "FB22 2122 Delmenhorster SK - SK Lehrte"]
[Site "?"]
[Date "2022.03.20"]
[Round "5.4"]
[White "Wollscheid, Stefanie"]
[Black "Michalek, Barbara"]
[Result "0-1"]
[WhiteElo "1689"]
[BlackElo "1895"]
[PlyCount "76"]
[EventDate "2022.??.??"]

1. e4 c5 2. Nf3 Nc6 3. d4 cxd4 4. Nxd4 d6 5. Nc3 Nf6 6. Bc4 g6 7. O-O Bg7 8.
Nxc6 bxc6 9. Bb3 O-O 10. Bg5 h6 11. Bh4 g5 12. Bg3 e5 13. Qd2 Qe7 14. Rfe1 Rd8
15. Rad1 Nh5 16. Qe2 Nf4 17. Bxf4 exf4 18. Qc4 Bb7 19. a4 Re8 20. h3 Be5 21. a5
Rad8 22. Ba4 Rc8 23. f3 Red8 24. Bb3 Rc7 25. Kh2 Bc8 26. Qe2 Kg7 27. Nb1 g4 28.
hxg4 Bxg4 29. Rh1 Bc8 30. c3 Rb7 31. Bc4 Be6 32. Na3 Bf6 33. Rd2 Bh4 34. Kg1
Bg3 35. b3 d5 36. exd5 Bxd5 37. Bxd5 Qxe2 38. Rxe2 Rxd5 0-1